000 01108nam a22002417a 4500
999 _c54121
_d54121
005 20251125233029.0
008 s2549 th tha d
020 _a9789743843730
040 _aNALT
041 _atha
050 _aHV 5745
_bส838ป 2549
100 0 _aสุภาภรณ์ ด้วงแพง
_949042
245 1 0 _aประสบการณ์ชีวิตของวัยรุ่นไทยที่สูบบุหรี่และไม่สูบบุหรี่ /
_cสุภาภรณ์ ด้วงแพง, เขมารดี มาสิงบุญ
260 _aชลบุรี :
_bมหาวิทยาลัยบูรพา,
_c2549
300 _a47 หน้า ;
_c29 ซม.
_b
650 4 _aการสูบบุหรี่
_948885
_xวิจัย
650 0 _a
700 0 _949040
_aเขมารดี มาสิงบุญ
850 _aNALT
856 4 0 _uhttps://hdl.handle.net/20.500.14156/424392
_71
942 _cRSH
_2lcc
998 _j1020
_k นางจำเรียง ระวังสำโรง